[Event "Titled Tuesday intern op 03rd Jan Late"]
[Site "Chess.com INT"]
[Date "2023.01.03"]
[Round "4"]
[White "Fernandez, Maria Florencia"]
[Black "Guerra Rivera, Salvador"]
[Result "1-0"]
[WhiteElo "2181"]
[BlackElo "2290"]
[PlyCount "145"]
[EventDate "2023.01.03"]
[EventType "swiss (blitz)"]
[EventRounds "11"]
[EventCountry "USA"]
[SourceTitle "EXT 2024"]
[Source "ChessBase"]
[SourceDate "2023.10.10"]
[SourceVersion "1"]
[SourceVersionDate "2023.10.10"]
[SourceQuality "1"]

1. d4 d6 2. c4 e5 3. d5 f5 4. Nc3 Nf6 5. Nf3 Be7 6. g3 0-0 7. Bg2 c6 8. 0-0 cxd5 9. Nxd5 Nc6 10. b3 Be6 11. Bb2 Kh8 12. Nxe7 Qxe7 13. Qc2 Rac8 14. Rad1 Nd7 15. Qd2 e4 16. Nd4 Nxd4 17. Qxd4 Rc6 18. Qxa7 Nc5 19. Qa5 Ra6 20. Qc3 Rxa2 21. Ra1 Rfa8 22. Rxa2 Rxa2 23. Ra1 Rxa1+ 24. Bxa1 Nd7 25. b4 Nf6 26. Qa3 Kg8 27. Qa8+ Kf7 28. c5 dxc5 29. bxc5 Bd5 30. Bd4 Bc6 31. Qb8 Nd5 32. e3 Nc7 33. Bf1 Bd5 34. Qa7 Ne6 35. Qb6 Nxd4 36. exd4 Qf6 37. Qc7+ Kg6 38. Qf4 Kf7 39. Qc7+ Qe7 40. Qf4 Kf6 41. Be2 g5 42. Qe3 f4 43. gxf4 h6 44. fxg5+ hxg5 45. Kf1 Qd7 46. Qg3 Qe6 47. Kg1 Kg6 48. Bg4 Qf6 49. Qd6 Qxd6 50. cxd6 Kf7 51. d7 Ke7 52. Kg2 Bc6 53. Kg3 e3 54. fxe3 Bxd7 55. Bxd7 Kxd7 56. Kf2 b5 57. Ke2 Kd6 58. Kd3 Kd5 59. e4+ Kd6 60. Kc3 g4 61. Kb4 Kc6 62. d5+ Kd6 63. Kxb5 Ke5 64. Kc6 Kxe4 65. d6 Kf3 66. d7 Kg2 67. d8Q Kxh2 68. Qh4+ Kg1 69. Qxg4+ Kh1 70. Qe4+ Kh2 71. Qf3 Kg1 72. Qe2 Kh1 73. Kd5 1-0

[Event "Titled Tuesday intern op 03rd Jan Late"]
[Site "Chess.com INT"]
[Date "2023.01.03"]
[Round "6"]
[White "Gonzalez, Francisco Silva"]
[Black "Guerra Rivera, Salvador"]
[Result "1-0"]
[WhiteElo "2033"]
[BlackElo "2290"]
[PlyCount "55"]
[EventDate "2023.01.03"]
[EventType "swiss (blitz)"]
[EventRounds "11"]
[EventCountry "USA"]
[SourceTitle "EXT 2024"]
[Source "ChessBase"]
[SourceDate "2023.10.10"]
[SourceVersion "1"]
[SourceVersionDate "2023.10.10"]
[SourceQuality "1"]

1. d4 d6 2. e4 e5 3. c3 Nf6 4. f3 g6 5. d5 Bg7 6. c4 0-0 7. Nc3 Nh5 8. Be3 f5 9. Qd2 Nd7 10. Bd3 Nc5 11. Bc2 fxe4 12. Bxe4 Nxe4 13. Nxe4 Bf5 14. Bg5 Qe8 15. 0-0-0 Bxe4 16. fxe4 Qa4 17. b3 Qa3+ 18. Kb1 Nf4 19. g3 Nh3 20. Nxh3 Rf3 21. Qb2 Qc5 22. Qe2 Raf8 23. Rdf1 h6 24. Bc1 Rxf1 25. Rxf1 Re8 26. Be3 Qb4 27. Qd2 Qa3 28. Bxh6 1-0

[Event "Titled Tuesday intern op 03rd Jan Late"]
[Site "Chess.com INT"]
[Date "2023.01.03"]
[Round "5"]
[White "Guerra Rivera, Salvador"]
[Black "Liu, Casper Yukun"]
[Result "1-0"]
[WhiteElo "2290"]
[BlackElo "2311"]
[PlyCount "71"]
[EventDate "2023.01.03"]
[EventType "swiss (blitz)"]
[EventRounds "11"]
[EventCountry "USA"]
[SourceTitle "EXT 2024"]
[Source "ChessBase"]
[SourceDate "2023.10.10"]
[SourceVersion "1"]
[SourceVersionDate "2023.10.10"]
[SourceQuality "1"]

1. Nf3 Nc6 2. e4 d6 3. d4 g6 4. c3 Bg7 5. Bd3 Nf6 6. 0-0 Bg4 7. h3 Bxf3 8. Qxf3 e5 9. Bb5 exd4 10. cxd4 0-0 11. Rd1 Nd7 12. Be3 f5 13. Nc3 f4 14. Bxc6 bxc6 15. Bc1 c5 16. Ne2 cxd4 17. Nxd4 Ne5 18. Qb3+ Rf7 19. Ne6 Qh4 20. Bxf4 Re8 21. Bg3 Qf6 22. Nxc7 Ref8 23. Ne6 Re8 24. Nxg7 Kxg7 25. Rac1 h5 26. f3 h4 27. Bxe5 Rxe5 28. Rc6 Rg5 29. Rdxd6 Qxf3 30. Qxf3 Rxf3 31. Rxg6+ Rxg6 32. Rxg6+ Kxg6 33. gxf3 Kg5 34. Kf2 Kf4 35. b4 a6 36. a4 1-0

[Event "Titled Tuesday intern op 03rd Jan Late"]
[Site "Chess.com INT"]
[Date "2023.01.03"]
[Round "2"]
[White "Remizov, Yaroslav"]
[Black "Guerra Rivera, Salvador"]
[Result "1-0"]
[WhiteElo "2396"]
[BlackElo "2290"]
[PlyCount "91"]
[EventDate "2023.01.03"]
[EventType "swiss (blitz)"]
[EventRounds "11"]
[EventCountry "USA"]
[SourceTitle "EXT 2024"]
[Source "ChessBase"]
[SourceDate "2023.10.10"]
[SourceVersion "1"]
[SourceVersionDate "2023.10.10"]
[SourceQuality "1"]

1. Nf3 d6 2. e4 Nf6 3. Nc3 e5 4. d4 exd4 5. Nxd4 Be7 6. g3 0-0 7. Bg2 Nc6 8. 0-0 Bg4 9. Nde2 Qd7 10. Re1 Rfe8 11. Bf4 Bf8 12. Qd2 Ne5 13. Bxe5 dxe5 14. Qxd7 Bxd7 15. Nd5 Nxd5 16. exd5 f5 17. Rad1 Bd6 18. h4 Kf7 19. Nc1 Kf6 20. Nb3 e4 21. Bf1 h6 22. c4 b6 23. Rc1 g5 24. c5 bxc5 25. Nxc5 Re7 26. h5 Rb8 27. b3 Bb5 28. g4 Bxf1 29. Kxf1 Rb5 30. Na4 Rxd5 31. Nc3 Rd2 32. gxf5 Kxf5 33. Rcd1 Rxd1 34. Rxd1 e3 35. f3 g4 36. fxg4+ Kxg4 37. Ke2 Kxh5 38. Nd5 Re5 39. Nf4+ Kg4 40. Nd3 Re7 41. Rg1+ Kf5 42. Rf1+ Ke4 43. Rh1 Kd4 44. Rxh6 Kc3 45. Rh4 Rg7 46. Rc4# 1-0

[Event "ESP-chT CECLUB Div2"]
[Site "Linares"]
[Date "2021.08.10"]
[Round "3.5"]
[White "Guerra Rivera, Salvador"]
[Black "Carbonell Sancho, Marc"]
[Result "1/2-1/2"]
[WhiteElo "2297"]
[BlackElo "2276"]
[PlyCount "92"]
[EventDate "2021.08.09"]
[EventType "team-swiss"]
[EventRounds "7"]
[EventCountry "ESP"]
[SourceTitle "CBM 203 Extra"]
[Source "ChessBase"]
[SourceDate "2021.09.30"]
[SourceVersion "1"]
[SourceVersionDate "2021.09.30"]
[SourceQuality "1"]
[WhiteTeam "Marbella Metro"]
[BlackTeam "Xeraco CE"]
[WhiteTeamCountry "ESP"]
[BlackTeamCountry "ESP"]

1. e4 c5 2. Nf3 g6 3. d4 Bg7 4. c4 Qa5+ 5. Nc3 Nc6 6. Be3 Nf6 7. Qd2 cxd4 8. Nxd4 Nxe4 9. Nxc6 Qxc3 10. bxc3 Nxd2 11. Nxa7 Nxf1 12. Kxf1 Bxc3 13. Rb1 0-0 14. Nxc8 Rfxc8 15. Rxb7 Rxc4 16. Rxd7 Rxa2 17. g3 Re4 18. Rd3 Ra1+ 19. Kg2 Rxh1 20. Kxh1 Bb4 21. Kg2 f6 22. h4 Kg7 23. Kf3 Rc4 24. Rd7 h6 25. Rb7 g5 26. hxg5 hxg5 27. g4 Bd6 28. Ra7 Kf7 29. Ra5 Ke6 30. Rb5 Ra4 31. Bd2 Kd7 32. Ra5 Rc4 33. Be3 Ke6 34. Rb5 Rc2 35. Ra5 Rb2 36. Ke4 Rb3 37. Ra4 Kf7 38. Ra6 Rb4+ 39. Kf3 Kg6 40. Ra7 f5 41. gxf5+ Kxf5 42. Ra5+ e5 43. Bc5 Rb3+ 44. Kg2 Bxc5 45. Rxc5 Rb2 46. Rc3 Ra2 1/2-1/2

[Event "ESP-ch 85th"]
[Site "Linares"]
[Date "2020.09.02"]
[Round "3"]
[White "Anton Guijarro, David"]
[Black "Guerra Rivera, Salvador"]
[Result "1-0"]
[WhiteElo "2688"]
[BlackElo "2289"]
[PlyCount "83"]
[EventDate "2020.08.31"]
[EventType "swiss"]
[EventRounds "9"]
[EventCountry "ESP"]
[SourceTitle "EXT 2021"]
[Source "ChessBase"]
[SourceDate "2020.10.23"]
[SourceVersion "1"]
[SourceVersionDate "2020.10.23"]
[SourceQuality "1"]

1. c4 e6 2. g3 d5 3. Bg2 dxc4 4. Qa4+ Nd7 5. Qxc4 Ngf6 6. Nf3 Bd6 7. 0-0 0-0 8. d4 c6 9. Rd1 Qe7 10. Qc2 e5 11. Nc3 Re8 12. Nh4 Nb6 13. Bg5 h6 14. Bxf6 Qxf6 15. d5 cxd5 16. Bxd5 Bf8 17. Ne4 Qe7 18. Ng6 Qb4 19. a3 Qa5 20. b4 Qa4 21. Bb3 Qc6 22. Qxc6 bxc6 23. Nxf8 Kxf8 24. Rd6 Bf5 25. f3 Rec8 26. Rc1 Bd7 27. Nc5 Ke7 28. Rd3 Be8 29. Re3 f6 30. f4 Bf7 31. fxe5 Bxb3 32. exf6+ Kxf6 33. Nxb3 Nd5 34. Rd3 Rab8 35. Na5 Ne7 36. Rd6+ Ke5 37. Rd7 Ke6 38. Rxa7 Rb5 39. Nb3 Re5 40. e4 Kf6 41. Nc5 Kg6 42. Rd1 1-0

[Event "ESP-ch U18"]
[Site "Salobrena"]
[Date "2020.08.22"]
[Round "9"]
[White "Guerra Rivera, Salvador"]
[Black "Aledo Yanguas, David"]
[Result "1/2-1/2"]
[WhiteElo "2289"]
[BlackElo "2060"]
[PlyCount "80"]
[EventDate "2020.08.17"]
[EventType "swiss"]
[EventRounds "9"]
[EventCountry "ESP"]
[SourceTitle "CBM 197 Extra"]
[Source "ChessBase"]
[SourceDate "2020.09.30"]
[SourceVersion "1"]
[SourceVersionDate "2020.09.30"]
[SourceQuality "1"]

1. Nf3 Nf6 2. g3 g6 3. b3 Bg7 4. Bb2 0-0 5. Bg2 d5 6. c4 c6 7. 0-0 Nbd7 8. d3 Re8 9. Nbd2 e5 10. cxd5 cxd5 11. Rc1 b6 12. Qc2 Ba6 13. b4 e4 14. Nd4 exd3 15. exd3 Ne5 16. b5 Bb7 17. N2b3 Bh6 18. f4 Neg4 19. Qc7 Qe7 20. Qxe7 Rxe7 21. Ba3 Ree8 22. Rc7 Bc8 23. Rfc1 Bf8 24. Bb2 a6 25. Bf3 axb5 26. h3 Ne3 27. Nxb5 Ba6 28. a4 Bxb5 29. axb5 Nh5 30. Bd4 Nxg3 31. Bxb6 Bd6 32. R7c6 Bxf4 33. Rb1 Nef5 34. Bf2 Ra2 35. Ra6 Rc2 36. Rc6 Ra2 37. Ra6 Rc2 38. Rc6 Ra2 39. Ra6 Rc2 40. Rc6 Ra2 1/2-1/2

[Event "Lorca op 8th"]
[Site "Lorca"]
[Date "2019.12.30"]
[Round "9"]
[White "Guerra Rivera, Salvador"]
[Black "Real de Azua, Ernesto"]
[Result "0-1"]
[WhiteElo "2314"]
[BlackElo "2450"]
[PlyCount "76"]
[EventDate "2019.12.26"]
[EventType "swiss"]
[EventRounds "9"]
[EventCountry "ESP"]
[SourceTitle "CBM 194 Extra"]
[Source "ChessBase"]
[SourceDate "2020.03.31"]
[SourceVersion "1"]
[SourceVersionDate "2020.03.31"]
[SourceQuality "1"]

1. Nf3 Nf6 2. g3 b6 3. Bg2 Bb7 4. b3 g6 5. 0-0 Bg7 6. Bb2 0-0 7. c4 e6 8. Nc3 d5 9. d4 Ne4 10. Qc2 Nxc3 11. Bxc3 Nd7 12. cxd5 exd5 13. Rac1 Re8 14. e3 a5 15. Rfd1 c6 16. Ne1 Qe7 17. Nd3 h5 18. a4 h4 19. Be1 hxg3 20. hxg3 Nf6 21. b4 axb4 22. Nxb4 Rec8 23. Qb3 Ng4 24. Nd3 Ba6 25. Qxb6 Bc4 26. a5 Bh6 27. Rxc4 dxc4 28. Qc5 Qe6 29. Nf4 Bxf4 30. gxf4 Rab8 31. a6 Rb5 32. Qa3 Rb3 33. Qa4 Rxe3 34. Qa1 Rd3 35. Rc1 Ra8 36. Bf1 Nf6 37. Qa4 Rxd4 38. Bg2 Nd5 0-1

[Event "Barcelona Sants op 21st"]
[Site "Barcelona"]
[Date "2019.08.31"]
[Round "9"]
[White "Hoffman, Alejandro"]
[Black "Guerra Rivera, Salvador"]
[Result "1-0"]
[WhiteElo "2461"]
[BlackElo "2344"]
[PlyCount "71"]
[EventDate "2019.08.23"]
[EventType "swiss"]
[EventRounds "10"]
[EventCountry "ESP"]
[SourceTitle "EXT 2020"]
[Source "ChessBase"]
[SourceDate "2019.10.17"]
[SourceVersion "1"]
[SourceVersionDate "2019.10.17"]
[SourceQuality "1"]

1. d4 Nf6 2. c4 d6 3. Nc3 Bf5 4. Nf3 g6 5. d5 e5 6. g3 Ne4 7. Nxe4 Bxe4 8. h4 c6 9. dxc6 Nxc6 10. Bg2 Bg7 11. Bg5 Qa5+ 12. Bd2 Qb6 13. Bc3 0-0 14. 0-0 d5 15. cxd5 Rfd8 16. Nd2 Bxg2 17. Kxg2 Rxd5 18. e4 Rd7 19. Qa4 Rad8 20. Rad1 Nd4 21. Nb3 Qf6 22. Bxd4 exd4 23. Nc5 Rc7 24. Nd3 Qe6 25. Rfe1 b6 26. Nf4 Qc4 27. Qxc4 Rxc4 28. Re2 Rdc8 29. Nd3 a5 30. f4 h5 31. Kf3 Kf8 32. e5 Ke7 33. Ke4 Ke6 34. Rf1 Rd8 35. f5+ gxf5+ 36. Rxf5 1-0

[Event "Barcelona Sants op 21st"]
[Site "Barcelona"]
[Date "2019.08.25"]
[Round "3"]
[White "Krysa, Leandro Sergio"]
[Black "Guerra Rivera, Salvador"]
[Result "1-0"]
[WhiteElo "2516"]
[BlackElo "2344"]
[PlyCount "47"]
[EventDate "2019.08.23"]
[EventType "swiss"]
[EventRounds "10"]
[EventCountry "ESP"]
[SourceTitle "EXT 2020"]
[Source "ChessBase"]
[SourceDate "2019.10.17"]
[SourceVersion "1"]
[SourceVersionDate "2019.10.17"]
[SourceQuality "1"]

1. c4 Nf6 2. Nc3 e5 3. Nf3 d6 4. g3 g6 5. Bg2 Bg7 6. d4 Nbd7 7. 0-0 0-0 8. b3 exd4 9. Nxd4 Re8 10. Qc2 a5 11. Ba3 Nc5 12. Rad1 Nfd7 13. Ndb5 Ne6 14. Rd2 Ndc5 15. e4 Na6 16. Bb2 Nec5 17. Qd1 f5 18. Re1 fxe4 19. Nxe4 Bxb2 20. Rxb2 Bf5 21. Nxc5 Rxe1+ 22. Qxe1 Nxc5 23. Bd5+ Kh8 24. Qc3+ 1-0

[Event "EU-ch U18"]
[Site "Bratislava"]
[Date "2019.08.08"]
[Round "7"]
[White "Akdogan, Alperen"]
[Black "Guerra Rivera, Salvador"]
[Result "0-1"]
[WhiteElo "2200"]
[BlackElo "2344"]
[PlyCount "90"]
[EventDate "2019.08.02"]
[EventType "swiss"]
[EventRounds "9"]
[EventCountry "SVK"]
[SourceTitle "CBM 191 Extra"]
[Source "ChessBase"]
[SourceDate "2019.09.30"]
[SourceVersion "1"]
[SourceVersionDate "2019.09.30"]
[SourceQuality "1"]

1. d4 e6 2. c4 Nf6 3. Nf3 b6 4. g3 Ba6 5. b3 Bb4+ 6. Bd2 Be7 7. Bg2 d5 8. Ne5 c6 9. Bc3 Nfd7 10. Nxd7 Nxd7 11. Nd2 0-0 12. 0-0 f5 13. Rc1 Rc8 14. Bb2 Bd6 15. e3 Qe7 16. Re1 Rfd8 17. Rc2 Nf6 18. Qa1 Bb7 19. Rec1 a5 20. a3 h5 21. h4 Ne4 22. c5 Bb8 23. cxb6 Nxd2 24. Rxd2 g5 25. hxg5 Qxg5 26. Rc5 h4 27. gxh4 Qxh4 28. f4 Kf7 29. Qf1 Rh8 30. Rxa5 Rcg8 31. Bc3 Qh1+ 32. Kf2 Rxg2+ 33. Qxg2 Rh2 34. Qxh2 Qxh2+ 35. Ke1 Qg1+ 36. Ke2 Qg2+ 37. Ke1 Qe4 38. Kf2 Qb1 39. Bb4 Qxb3 40. Kf3 Kf6 41. Rh2 Qd1+ 42. Kf2 Qc2+ 43. Kg3 Qe4 44. Bd2 Bxf4+ 45. exf4 Qd3+ 0-1

[Event "EU-ch U18"]
[Site "Bratislava"]
[Date "2019.08.05"]
[Round "4"]
[White "Guerra Rivera, Salvador"]
[Black "Baranciuc, Alexandr"]
[Result "1-0"]
[WhiteElo "2344"]
[BlackElo "1901"]
[PlyCount "43"]
[EventDate "2019.08.02"]
[EventType "swiss"]
[EventRounds "9"]
[EventCountry "SVK"]
[SourceTitle "CBM 191 Extra"]
[Source "ChessBase"]
[SourceDate "2019.09.30"]
[SourceVersion "1"]
[SourceVersionDate "2019.09.30"]
[SourceQuality "1"]

1. e4 d6 2. d4 Nf6 3. Nc3 g6 4. Bg5 Bg7 5. e5 Nfd7 6. exd6 cxd6 7. Qd2 h6 8. Be3 Nc6 9. 0-0-0 Nf6 10. f3 a6 11. Kb1 b5 12. d5 Na5 13. Bd4 0-0 14. g4 Bd7 15. Be2 Rc8 16. h4 Qc7 17. g5 b4 18. gxf6 bxc3 19. Bxc3 Bxf6 20. Bxa5 Qb7 21. c4 Bf5+ 22. Ka1 1-0

[Event "ESP-ch U18"]
[Site "Salobrena"]
[Date "2019.07.25"]
[Round "6"]
[White "Carbonell Sancho, Marc"]
[Black "Guerra Rivera, Salvador"]
[Result "1-0"]
[WhiteElo "2224"]
[BlackElo "2355"]
[PlyCount "131"]
[EventDate "2019.07.22"]
[EventType "swiss"]
[EventRounds "9"]
[EventCountry "ESP"]
[SourceTitle "CBM 191 Extra"]
[Source "ChessBase"]
[SourceDate "2019.09.30"]
[SourceVersion "1"]
[SourceVersionDate "2019.09.30"]
[SourceQuality "1"]

1. e4 c5 2. Nf3 d6 3. d4 Nf6 4. Nc3 cxd4 5. Nxd4 a6 6. Bc4 e6 7. 0-0 Be7 8. Qf3 0-0 9. Re1 Qc7 10. Bb3 Nc6 11. Nxc6 Qxc6 12. a4 b6 13. Qg3 Kh8 14. Bg5 h6 15. Nd5 exd5 16. Bxd5 Qxc2 17. Rac1 Qxb2 18. Bxf6 Bxf6 19. Bxa8 Be5 20. Qf3 Be6 21. Bd5 Bxd5 22. exd5 g6 23. Rc7 Kg7 24. g3 h5 25. Rec1 b5 26. axb5 axb5 27. Kg2 b4 28. R1c6 Qd2 29. Rb7 g5 30. Rcc7 Bf6 31. Rd7 Qd4 32. Rxd6 Rc8 33. Qf5 Re8 34. Rdd7 Qe4+ 35. Qxe4 Rxe4 36. Rxf7+ Kg6 37. Rf8 Re5 38. Rb6 Rf5 39. d6 Kg7 40. d7 Kxf8 41. Rxf6+ Rxf6 42. d8Q+ Kg7 43. Qb8 g4 44. Qxb4 Kg6 45. Qc5 Rf5 46. Qc8 Rf6 47. Qg8+ Kh6 48. Qe8 Kg5 49. Qe3+ Kg6 50. Kf1 Kf5 51. Qc5+ Kg6 52. Ke2 Rf3 53. Qc6+ Rf6 54. Qe4+ Kg5 55. Ke3 Rf5 56. Qd4 Rf6 57. Ke4 Re6+ 58. Kd5 Rf6 59. Ke5 Kg6 60. Qf4 Ra6 61. Qf5+ Kh6 62. Qf6+ Rxf6 63. Kxf6 h4 64. Kf5 Kh5 65. Kf4 hxg3 66. hxg3 1-0

[Event "Dos Hermanas rapid 31st"]
[Site "Dos Hermanas"]
[Date "2019.05.25"]
[Round "5"]
[White "Guerra Rivera, Salvador"]
[Black "Gomez Ledo, Roberto Carlos"]
[Result "1-0"]
[WhiteElo "2351"]
[BlackElo "2446"]
[PlyCount "47"]
[EventDate "2019.05.25"]
[EventType "swiss (rapid)"]
[EventRounds "8"]
[EventCountry "ESP"]
[SourceTitle "CBM 190 Extra"]
[Source "ChessBase"]
[SourceDate "2019.07.15"]
[SourceVersion "1"]
[SourceVersionDate "2019.07.15"]
[SourceQuality "1"]

1. e4 d6 2. d4 Nf6 3. Nc3 e5 4. Nf3 Nbd7 5. Bc4 Be7 6. a4 0-0 7. 0-0 a5 8. h3 c6 9. Be3 exd4 10. Qxd4 Qc7 11. Bf4 Ne8 12. Rad1 Qb6 13. Bb3 Qxd4 14. Nxd4 Nc5 15. Ba2 Be6 16. Nxe6 Nxe6 17. Be3 N8c7 18. f4 Na6 19. Rd2 Nec5 20. e5 dxe5 21. fxe5 Nc7 22. Kh1 Rad8 23. Rxd8 Rxd8 24. Rxf7 1-0

[Event "Lorca op 7th"]
[Site "Lorca"]
[Date "2018.12.30"]
[Round "8"]
[White "Ibarra Jerez, Jose Carlos"]
[Black "Guerra Rivera, Salvador"]
[Result "1/2-1/2"]
[WhiteElo "2558"]
[BlackElo "2343"]
[PlyCount "68"]
[EventDate "2018.12.26"]
[EventType "swiss"]
[EventRounds "9"]
[EventCountry "ESP"]
[SourceTitle "CBM 188 Extra"]
[Source "ChessBase"]
[SourceDate "2019.02.26"]
[SourceVersion "1"]
[SourceVersionDate "2019.02.26"]
[SourceQuality "1"]

1. g3 Nf6 2. Bg2 d5 3. c4 e6 4. Nf3 dxc4 5. Qa4+ Nbd7 6. Qxc4 a6 7. Qc2 Rb8 8. d3 b5 9. 0-0 Bb7 10. b3 c5 11. Bb2 Be7 12. Nbd2 0-0 13. Rac1 Rc8 14. Qb1 Qb6 15. h3 Rfd8 16. Rfe1 Nf8 17. a3 Ng6 18. e3 Qd6 19. Bf1 e5 20. e4 h5 21. Qa1 Nd7 22. h4 Bf6 23. Bc3 Ne7 24. b4 Nc6 25. Rb1 cxb4 26. axb4 Nb6 27. Bb2 Na4 28. Ba3 Rc7 29. Nb3 Bc8 30. Rec1 Bg4 31. Nh2 Be6 32. Nf3 Bg4 33. Nh2 Be6 34. Nf3 Bg4 1/2-1/2

[Event "Wch U16"]
[Site "Porto Carras"]
[Date "2018.10.29"]
[Round "10.23"]
[White "Peng, Hongchi"]
[Black "Guerra Rivera, Salvador"]
[Result "0-1"]
[WhiteElo "2273"]
[BlackElo "2340"]
[PlyCount "82"]
[EventDate "2018.10.20"]
[EventType "swiss"]
[EventRounds "11"]
[EventCountry "GRE"]
[SourceTitle "CBM 187 Extra"]
[Source "ChessBase"]
[SourceDate "2018.11.04"]
[SourceVersion "1"]
[SourceVersionDate "2018.11.04"]
[SourceQuality "1"]

1. e4 c5 2. Nf3 Nc6 3. d4 cxd4 4. Nxd4 g6 5. Nc3 Bg7 6. Be3 Nf6 7. Bc4 0-0 8. Bb3 Re8 9. f3 d5 10. exd5 Nb4 11. Nde2 e6 12. d6 Nfd5 13. Bd4 Bh6 14. a3 Nc6 15. Bxd5 exd5 16. Nxd5 Nxd4 17. Qxd4 Bg7 18. Qb4 a5 19. Qc5 b6 20. Qc6 Ba6 21. Ne7+ Kh8 22. c4 Bxb2 23. Rd1 Bxa3 24. 0-0 Bc5+ 25. Kh1 Bxd6 26. Nf5 gxf5 27. Rxd6 Qc8 28. Qxb6 Rxe2 29. Rfd1 Qe8 30. Qd4+ Kg8 31. Qh4 Re6 32. c5 Qe7 33. Qg3+ Rg6 34. Qf4 Re8 35. h4 Qe2 36. R6d2 Qe5 37. Qa4 Bb7 38. Qb3 Bc6 39. Qc4 Qg3 40. Rf1 f4 41. h5 Rg5 0-1

[Event "Wch U16"]
[Site "Porto Carras"]
[Date "2018.10.28"]
[Round "9.15"]
[White "Guerra Rivera, Salvador"]
[Black "Jakab, Bela"]
[Result "0-1"]
[WhiteElo "2340"]
[BlackElo "2285"]
[PlyCount "72"]
[EventDate "2018.10.20"]
[EventType "swiss"]
[EventRounds "11"]
[EventCountry "GRE"]
[SourceTitle "CBM 187 Extra"]
[Source "ChessBase"]
[SourceDate "2018.11.04"]
[SourceVersion "1"]
[SourceVersionDate "2018.11.04"]
[SourceQuality "1"]

1. e4 e6 2. d4 d5 3. Nd2 c5 4. exd5 Qxd5 5. Ngf3 cxd4 6. Bc4 Qd6 7. 0-0 Nf6 8. Nb3 Nc6 9. Nbxd4 Nxd4 10. Nxd4 a6 11. Re1 Qc7 12. Bf1 Bd6 13. Nf5 Bxh2+ 14. Kh1 Kf8 15. Qd4 exf5 16. Qxf6 h6 17. Qd4 Be6 18. g3 Bxg3 19. fxg3 Qxg3 20. Bf4 Qh4+ 21. Kg1 Kg8 22. Bg2 Rc8 23. Be5 Qg5 24. Bf4 Qg4 25. Qf2 Bd5 26. Be5 Rc6 27. Kh2 Bxg2 28. Re3 Be4 29. Rg1 Rxc2 30. Qxc2 Bxc2 31. Rxg4 fxg4 32. Bc3 h5 33. Kg3 Bf5 34. Kf4 Be6 35. Re5 h4 36. Rg5 Rh7 0-1